[Event "Ruhrgebiet Verbandsklasse Gruppe 1 1718"]
[Site "Germany"]
[Date "2017.12.03"]
[Round "4.7"]
[White "Hielscher, Klaus Peter"]
[Black "Heintze, Sven"]
[Result "0-1"]
[WhiteElo "1695"]
[BlackElo "1655"]
[PlyCount "92"]
[EventDate "2017.09.17"]
[EventType "team-tourn"]
[EventRounds "9"]
[EventCountry "GER"]
[SourceTitle "EXT 2022"]
[Source "ChessBase"]
[SourceDate "2021.10.06"]
[SourceVersion "1"]
[SourceVersionDate "2021.10.06"]
[SourceQuality "1"]
[WhiteTeam "Wattenscheid SV III"]
[BlackTeam "Oberhausen SW"]
[WhiteTeamCountry "GER"]
[BlackTeamCountry "GER"]

1. c4 e5 2. Nc3 Nf6 3. g3 d5 4. cxd5 Nxd5 5. Bg2 Nb6 6. d3 Be7 7. Nf3 Nc6 8. a3 0-0 9. 0-0 Be6 10. b4 a5 11. b5 Nd4 12. Nxe5 Bf6 13. f4 Nb3 14. Rb1 Qd4+ 15. Kh1 Qxc3 16. Bb2 Qd2 17. Bxb7 Qxd1 18. Rfxd1 Bxe5 19. Bxa8 Bxb2 20. Rxb2 Rxa8 21. f5 Na4 22. Rbb1 Nc3 23. fxe6 fxe6 24. Rxb3 Nxd1 25. Kg2 Ne3+ 26. Kf3 Nd5 27. e4 Rf8+ 28. Ke2 Nb6 29. Rc3 Rf7 30. Rc6 Re7 31. h4 Kf7 32. d4 Ke8 33. Rc3 Rf7 34. Rc6 Kd7 35. Rc3 Rf6 36. Rc1 h6 37. h5 g5 38. hxg6 Rxg6 39. Kf3 Rg5 40. e5 h5 41. Rc3 Rg4 42. Rd3 Nd5 43. Kf2 h4 44. gxh4 Rxh4 45. Kg1 Rg4+ 46. Kf1 Rg2 0-1